000 00234nam a2200097Ia 4500
008 240331s9999 xx 000 0 und d
082 _bHum
100 _aUyangoda,J
245 0 _aEthnic conflict in Sri lanka changing dynamics
942 _cL
999 _c2479
_d2479